000 01143nam a2200289Ia 4500
001 ebr10379744
003 CaPaEBR
006 m u
007 cr cn|||||||||
008 090808s2008 mau sb 000 0 eng d
020 _z9781599964232
020 _z9781599961309
040 _aCaPaEBR
_cCaPaEBR
035 _a(OCoLC)761699164
050 1 4 _aHD30.4
_b.G53 2008eb
100 1 _aGladis, Stephen D.
245 1 4 _aThe executive coach in the corporate forest
_h[electronic resource] :
_ba business fable /
_cSteve Gladis ; foreword by Marshall Goldsmith.
260 _aAmherst, Mass. :
_bHRD Press,
_cc2008.
300 _axii, 123 p.
504 _aIncludes bibliographical references.
533 _aElectronic reproduction.
_bPalo Alto, Calif. :
_cebrary,
_d2010.
_nAvailable via World Wide Web.
_nAccess may be limited to ebrary affiliated libraries.
650 0 _aExecutive coaching.
650 0 _aMentoring in business.
655 7 _aElectronic books.
_2local
710 2 _aebrary, Inc.
856 4 0 _uhttp://site.ebrary.com/lib/rucke/Doc?id=10379744
_zAn electronic book accessible through the World Wide Web; click to view
999 _c101569
_d101569